000 00424nam a2200193Ia 4500
008 151119s9999||||xx |||||||||||||| ||und||
082 _a820
082 _bGKKV30453
100 _aWhittier Bert
245 _aAlpha and Omega
260 _a--
260 _b--
260 _c2009
600 _aWhittier Bert
630 _aAlpha and Omega
700 _aWhittier Bert
730 _aAlpha and Omega
942 _cBOOK
999 _c1082785
_d1082782